Statistiques concernant États des États-Unis - Carte Quiz

Cliquez ici pour prendre le quiz!

Statistiques générales

  • Ce quiz a été pris 50 816 fois
  • Le résultat moyen est 25 sur 50

Réponses sur la Carte

Les réponses sont colorées sur une échelle allant du rouge au vert en fonction du pourcentage des utilisateurs qui les ont devinées à leur premier essai. Vous pouvez retrouver ces pourcentages ci-dessous.
Chargement ...
 

Statistiques - réponses

Réponse% Correct
Californie
91%
Alaska
91%
Hawaï
87%
Texas
87%
Floride
85%
Washington
80%
Nouveau-Mexique
71%
Oregon
66%
Louisiane
65%
Dakota du Sud
61%
Dakota du Nord
60%
Caroline du Nord
59%
New York
58%
Caroline du Sud
58%
Arizona
57%
Maine
56%
Nevada
56%
Michigan
54%
Géorgie
53%
Montana
51%
Virginie-Occidentale
50%
Tennessee
49%
Virginie
48%
Alabama
47%
Vermont
46%
Colorado
46%
Illinois
46%
Pennsylvanie
45%
Utah
45%
Mississippi
45%
Rhode Island
44%
New Jersey
43%
Idaho
42%
Minnesota
42%
Massachusetts
40%
Kentucky
40%
Ohio
38%
Delaware
38%
Oklahoma
38%
Maryland
37%
New Hampshire
36%
Connecticut
36%
Indiana
35%
Wyoming
35%
Wisconsin
34%
Kansas
34%
Nebraska
31%
Arkansas
30%
Missouri
29%
Iowa
27%

Distribution des résultats

Percentile par nombre de réponses

% des personnes avec chaque résultat

Votre développement - résultats

Vous n’avez pas pris ce quiz